Culture, technical rationality and organizational culture (Record no. 22298)

000 -LEADER
fixed length control field 00421pab a2200145 454500
008 - FIXED-LENGTH DATA ELEMENTS--GENERAL INFORMATION
fixed length control field 180718b xxu||||| |||| 00| 0 eng d
100 ## - MAIN ENTRY--PERSONAL NAME
Personal name Adams, Guy B.
245 ## - TITLE STATEMENT
Title Culture, technical rationality and organizational culture
650 ## - SUBJECT ADDED ENTRY--TOPICAL TERM
Topical term or geographic name entry element Organisational Culture
650 ## - SUBJECT ADDED ENTRY--TOPICAL TERM
Topical term or geographic name entry element Culture
650 ## - SUBJECT ADDED ENTRY--TOPICAL TERM
Topical term or geographic name entry element Organisation
700 ## - ADDED ENTRY--PERSONAL NAME
Personal name Ingersoll, Virginia Hill
773 ## - HOST ITEM ENTRY
Main entry heading American Review of Public Administration
909 ## -
-- 22298
Holdings
Withdrawn status Lost status Damaged status Not for loan Permanent Location Current Location Date acquired Serial Enumeration / chronology Barcode Date last seen Price effective from Koha item type
        Indian Institute of Public Administration Indian Institute of Public Administration 2018-07-19 Issue no: 20(4) Dec.90, p.285-302 AR22367 2018-07-19 2018-07-19 Articles

Powered by Koha